[Event "AUTO-MASTER-2989"]
[Site "http://www.queenalice.com/game.php?id=1625718"]
[Date "2020.9.2"]
[Round "1"]
[White "Anusha"]
[Black "Papageno"]
[Result "1-0"]
[WhiteElo "2108"]
[BlackElo "2103"]

1. d4 d5 2. Nf3 g6 3. Bf4 Bg7 4. c3 Nf6 5. h3 O-O 6. Nbd2 Nc6 7. e3 Re8 8. Be2
Nh5 9. Bh2 e5 10. dxe5 Nxe5 11. Nxe5 Bxe5 12. Bxe5 Rxe5 13. Nf3 Re7 14. O-O Nf6
15. Qd4 Ne4 16. Rfd1 c6 17. c4 Be6 18. Rac1 Nd6 19. cxd5 Bxd5 20. Nh2 Re4 21.
Qc3 Qe7 22. Ng4 Re6 23. Nh6+ 1-0

[Event "AUTO-MASTER-2989"]
[Site "http://www.queenalice.com/game.php?id=1625719"]
[Date "2020.9.2"]
[Round "1"]
[White "Papageno"]
[Black "cerenzo72"]
[Result "0-1"]
[WhiteElo "2180"]
[BlackElo "2068"]

1. d4 Nf6 2. Bf4 g6 3. e3 Bg7 4. Be2 O-O 5. Nf3 d6 6. O-O Nc6 7. c4 e6 8. Nc3
Qe7 9. Nd2 Bd7 10. Rb1 e5 11. dxe5 dxe5 12. Bg3 Rad8 13. Bh4 Be6 14. Qc1 Nb4 15.
a3 Na6 16. b4 c6 17. Nde4 Bf5 18. Rb2 Nc7 19. Rd1 Rxd1+ 20. Qxd1 Rd8 21. Rd2
Rxd2 22. Qxd2 Nxe4 0-1

[Event "AUTO-MASTER-2989"]
[Site "http://www.queenalice.com/game.php?id=1625720"]
[Date "2020.9.2"]
[Round "1"]
[White "cerenzo72"]
[Black "Papageno"]
[Result "1/2-1/2"]
[WhiteElo "2076"]
[BlackElo "2165"]

1. e4 c5 2. Nf3 Nc6 3. d4 cxd4 4. Nxd4 g6 5. Nxc6 bxc6 6. Qd4 Nf6 7. e5 Nd5 8.
e6 Nf6 9. exf7+ Kxf7 10. Nc3 Bg7 11. Qf4 Rf8 12. Bd3 Kg8 13. O-O Qb6 14. Qg5 d5
15. Ne2 Ng4 16. Be3 Nxe3 17. fxe3 Rxf1+ 18. Rxf1 Bf6 19. Qg3 Qxb2 20. Nf4 Qe5
21. h4 Bf5 22. Bxf5 Qxf5 23. h5 g5 24. Nh3 Qe5 25. Qxe5 Bxe5 26. Nxg5 Bf6 27.
Nf3 Rb8 28. Ne1 Rb2 29. a4 Bg5 30. Rf3 h6 31. Rg3 Kf7 32. Nf3 Kf6 33. Nxg5 hxg5
34. h6 Kg6 35. Rh3 Kh7 36. Rh5 Rxc2 37. Rxg5 Kxh6 38. Re5 Ra2 39. Rxe7 Rxa4 40.
Re6+ Kg5 41. Rxc6 Kf5 42. Kf2 Ke4 43. Rc3 a5 44. g4 Rc4 45. Ra3 a4 46. Kg3 Rc1
47. Kh4 Re1 1/2-1/2

[Event "AUTO-MASTER-2989"]
[Site "http://www.queenalice.com/game.php?id=1625721"]
[Date "2020.9.2"]
[Round "1"]
[White "Papageno"]
[Black "rmvwoods"]
[Result "1-0"]
[WhiteElo "2171"]
[BlackElo "2134"]

1. d4 Nf6 2. Bf4 d5 3. e3 e6 4. c4 Bb4+ 5. Nd2 Ne4 6. Nf3 Nd7 7. a3 Bxd2+ 8.
Nxd2 Ndf6 9. cxd5 exd5 10. Nxe4 Nxe4 11. Qc2 Nd6 12. Bd3 g6 13. Bh6 Bf5 14. Bg7
Bxd3 15. Qxd3 Rg8 16. Be5 f6 17. Bg3 Qe7 18. Bxd6 Qxd6 19. Qb5+ Qc6 20. Qxc6+
bxc6 21. Rc1 Kd7 22. Kd2 Rab8 23. b4 Rb5 24. Rc3 Rgb8 25. Rhc1 R5b6 26. Kd3 f5
27. h4 R8b7 28. Ke2 h6 29. Kf3 g5 30. hxg5 hxg5 31. Rh1 Rb8 32. Rh7+ Ke6 33.
Rxc7 1-0

[Event "AUTO-MASTER-2989"]
[Site "http://www.queenalice.com/game.php?id=1625722"]
[Date "2020.9.2"]
[Round "1"]
[White "rmvwoods"]
[Black "Papageno"]
[Result "0-1"]
[WhiteElo "2064"]
[BlackElo "2160"]

1. Nf3 c5 2. c4 Nc6 3. e3 g6 4. d4 cxd4 5. exd4 Bg7 6. Be3 Qb6 7. b3 d5 8. Nc3
Qa5 9. Qd2 Nf6 10. Be2 dxc4 11. Bxc4 O-O 12. O-O Bg4 13. Ne5 Nxe5 14. dxe5 Qxe5
15. Rfe1 Rfd8 16. Qc1 Nh5 17. Na4 Qxa1 18. Qxa1 Bxa1 19. Rxa1 a6 20. Nb6 Rab8
21. h3 Be6 22. Bxe6 fxe6 23. Bg5 Nf6 24. Bf4 Rd6 25. Bxd6 exd6 26. Nc4 d5 27.
Nd2 Rc8 28. Kf1 Kf7 29. Ke2 b5 30. Kd1 Nd7 31. Rc1 Rxc1+ 32. Kxc1 b4 33. a3 bxa3
34. Kb1 Nc5 35. Ka2 e5 36. Kxa3 a5 37. b4 axb4+ 38. Kxb4 Nd3+ 39. Kc3 Nxf2 40.
Nf3 Kf6 41. Kd2 Kf5 42. Ke2 Ne4 43. Ke3 d4+ 44. Kd3 Nd6 45. Kd2 Kf4 46. Ke2 h5
47. Kf2 Nf5 48. h4 e4 49. g3+ Nxg3 50. Nxd4 Nf5 51. Ne2+ Kg4 52. Nc3 e3+ 53. Kg2
Nxh4+ 0-1

[Event "AUTO-OPEN-4209"]
[Site "http://www.queenalice.com/game.php?id=1625882"]
[Date "2020.9.4"]
[Round "1"]
[White "attachui"]
[Black "Papageno"]
[Result "0-1"]
[WhiteElo "2131"]
[BlackElo "2102"]

1. d4 d5 2. c4 c6 3. Nf3 g6 4. Nc3 Bg7 5. Bf4 Nf6 6. e3 Nh5 7. Bg3 Nxg3 8. hxg3
O-O 9. Bd3 dxc4 10. Bxc4 Nd7 11. Ng5 h6 12. Nxf7 Rxf7 13. Bxf7+ Kxf7 14. d5 cxd5
15. Qxd5+ Kf8 16. Rd1 Qc7 17. Rc1 Qe5 18. Qd2 Nc5 19. Qd8+ Kf7 20. Kf1 b6 21.
Rh4 Ba6+ 0-1

[Event "AUTO-OPEN-4209"]
[Site "http://www.queenalice.com/game.php?id=1625883"]
[Date "2020.9.4"]
[Round "1"]
[White "Papageno"]
[Black "attachui"]
[Result "0-1"]
[WhiteElo "2115"]
[BlackElo "2103"]

1. d4 Nf6 2. Bf4 e6 3. e3 Nc6 4. c4 Bb4+ 5. Nc3 Ne4 6. Qc2 f5 7. Be2 Qh4 8. Bf3
Nxc3 9. bxc3 Ba5 10. Nh3 h6 11. O-O Qf6 12. Bg3 g5 13. Bh5+ Kd8 14. c5 b6 15.
cxb6 axb6 16. a3 Ne7 17. Be5 Qf8 18. Bxh8 Qxh8 19. c4 Bb7 20. Bf3 c6 21. Be2 e5
22. Rfd1 g4 23. dxe5 gxh3 24. e6 d5 25. Qa4 Qg8 26. cxd5 Qxg2# 0-1

[Event "AUTO-OPEN-4209"]
[Site "http://www.queenalice.com/game.php?id=1625904"]
[Date "2020.9.4"]
[Round "1"]
[White "RamonSalves"]
[Black "Papageno"]
[Result "0-1"]
[WhiteElo "1769"]
[BlackElo "2183"]

1. d4 d5 2. e3 Nf6 3. Be2 g6 4. Nc3 Bg7 5. Nf3 O-O 6. O-O Nc6 7. Bd3 Nb4 8. Be2
Bf5 9. Bd3 Nxd3 10. cxd3 c6 11. Re1 Re8 12. e4 dxe4 13. dxe4 Bg4 14. Be3 Qa5 15.
h3 Bd7 16. e5 Nd5 17. Bd2 Nxc3 18. Bxc3 Qd5 19. Qe2 c5 20. b3 cxd4 21. Nxd4 Rac8
22. Rac1 Bc6 23. Nf3 Bb5 24. Qe3 Qd3 25. Qxa7 Rxc3 26. Rxc3 Qxc3 27. Qxb7 Bc6
28. Qc7 f6 29. exf6 Bxf6 30. a4 Bxf3 31. Qxc3 Bxc3 32. Re3 Bxg2 33. Kxg2 Bb4 34.
Re4 Rb8 35. f3 Kf7 36. Kg3 Kf6 37. h4 Bd6+ 38. f4 Rxb3+ 39. Kg4 h5# 0-1

[Event "AUTO-OPEN-4209"]
[Site "http://www.queenalice.com/game.php?id=1625905"]
[Date "2020.9.4"]
[Round "1"]
[White "Papageno"]
[Black "RamonSalves"]
[Result "1-0"]
[WhiteElo "2172"]
[BlackElo "1764"]

1. d4 d5 2. Bf4 Nf6 3. e3 Nc6 4. c4 e6 5. Nc3 Bb4 6. a3 Bxc3+ 7. bxc3 O-O 8. Nf3
b6 9. Bd3 Ng4 10. Ng5 Nf6 11. cxd5 Nxd5 12. c4 Nxf4 13. exf4 g6 14. Be4 Bb7 15.
O-O Rb8 16. Nf3 Qe7 17. c5 bxc5 18. dxc5 Rbd8 19. Qc2 Qf6 20. g3 Nd4 21. Nxd4
Bxe4 22. Qxe4 Rxd4 23. Qb7 Qf5 24. Qxc7 Rc4 25. Qxa7 Rxc5 26. a4 Qd5 27. Rfd1
Qc6 28. Qd7 Qf3 29. a5 Rc2 30. Qd4 f6 31. a6 Ra8 32. a7 e5 33. Qd5+ Qxd5 34.
Rxd5 exf4 35. Rb5 fxg3 36. Rb8+ Rc8 37. Rxc8+ Rxc8 38. a8=Q Rxa8 39. Rxa8+ Kg7
40. hxg3 h5 41. f4 Kf7 42. Kf2 Ke6 43. Ke3 Kf5 44. Kf3 g5 45. Ra5+ Kg6 46. f5+
Kg7 47. Ra7+ Kh6 48. Rf7 g4+ 49. Kf4 h4 50. gxh4 Kh5 51. Rh7# 1-0

[Event "AUTO-OPEN-4209"]
[Site "http://www.queenalice.com/game.php?id=1625916"]
[Date "2020.9.4"]
[Round "1"]
[White "junipero"]
[Black "Papageno"]
[Result "1-0"]
[WhiteElo "2087"]
[BlackElo "2195"]

1. d4 d5 2. c4 c6 3. e3 g6 4. Nc3 Bg7 5. Nf3 Nf6 6. cxd5 Nxd5 7. Be2 O-O 8. O-O
Nd7 9. a3 Nxc3 10. bxc3 c5 11. Bb2 cxd4 12. cxd4 Nb6 13. h3 Bf5 14. Rc1 Qd7 15.
Ne5 Qd6 16. Nc4 Nxc4 17. Bxc4 a6 18. Qb3 b5 19. Bd5 Rac8 20. Bf3 Bd3 21. Qxd3
1-0

[Event "AUTO-OPEN-4209"]
[Site "http://www.queenalice.com/game.php?id=1625917"]
[Date "2020.9.4"]
[Round "1"]
[White "Papageno"]
[Black "junipero"]
[Result "1-0"]
[WhiteElo "2162"]
[BlackElo "2065"]

1. d4 d5 2. Bf4 e6 3. e3 Nf6 4. c4 c6 5. Nc3 Be7 6. Nf3 Nbd7 7. c5 O-O 8. Ne5 h6
9. b4 Re8 10. Bd3 Nxe5 11. Bxe5 b6 12. O-O Bb7 13. a4 a5 14. Qb3 bxc5 15. bxc5
Ba6 16. Bxa6 Rxa6 17. Qb7 Qa8 18. Rab1 Ra7 19. Qxa8 Raxa8 20. Rb6 Rec8 21. Rfb1
Nd7 22. Rb7 Nxe5 23. Rxe7 Ng6 24. Reb7 e5 25. R1b6 exd4 26. exd4 Nf4 27. f3 Ne6
28. Ne2 g5 29. Kf2 Nf4 30. Nxf4 gxf4 31. h4 h5 32. Rd7 Rab8 33. Rdb7 Rxb7 34.
Rxb7 Ra8 35. Rb6 Rc8 36. Ra6 Rb8 37. Rxc6 Rb2+ 38. Kg1 Rb4 39. Rd6 Rxd4 40. c6
Rc4 41. Rxd5 Rxc6 42. Rxa5 Rc4 43. Rxh5 Rxa4 44. Kh2 Kg7 45. Kh3 Kg6 46. Rg5+
Kf6 47. Kg4 Ra2 48. Kxf4 Ra4+ 49. Kg3 Rb4 50. f4 Rb2 51. h5 Ra2 52. Kh3 Ke6 53.
g4 Ra4 54. f5+ Kf6 55. Rg8 Ke7 56. h6 Ra1 57. g5 f6 58. Kg2 Ra2+ 59. Kf3 Rh2 60.
g6 Rxh6 61. Rg7+ Kf8 62. Rf7+ Kg8 63. Rxf6 Kg7 64. Rf7+ Kg8 65. Kg4 Rh1 66. Kg5
Rg1+ 67. Kf6 Ra1 68. Re7 Ra6+ 69. Re6 Ra8 70. Kg5 Rb8 71. f6 Rf8 72. g7 Rd8 73.
Kg6 1-0

[Event "Unidos da Vila Santa Tereza"]
[Site "http://www.queenalice.com/game.php?id=1628239"]
[Date "2020.9.27"]
[Round "-"]
[White "zubarev"]
[Black "Papageno"]
[Result "1-0"]
[WhiteElo "1714"]
[BlackElo "2195"]

1. d4 d5 2. Nc3 g6 3. e3 Bg7 4. Nf3 Nf6 5. Bd3 O-O 6. Ne5 Nbd7 7. f4 Nxe5 8.
fxe5 Nh5 9. O-O f6 10. exf6 Nxf6 11. Bd2 c6 12. Ne2 Qc7 13. c3 e5 14. dxe5 Qxe5
15. Nf4 Bh6 16. Qe2 Bg4 17. Qf2 Ne4 18. Bxe4 Qxe4 19. Qg3 Be6 20. Nxe6 Qxe6 21.
Rae1 Rae8 22. Rxf8+ Rxf8 23. Rf1 Bg7 24. Rxf8+ Kxf8 25. Qb8+ 1-0

[Event "AUTO-MASTER-2996"]
[Site "http://www.queenalice.com/game.php?id=1628648"]
[Date "2020.10.1"]
[Round "1"]
[White "Papageno"]
[Black "Rutty"]
[Result "0-1"]
[WhiteElo "2183"]
[BlackElo "2223"]

1. d4 d5 2. Bf4 Nf6 3. e3 g6 4. c4 e6 5. Nc3 Bg7 6. h3 O-O 7. Nf3 Nc6 8. Nb5 e5
9. Nxe5 Ne8 10. Qb3 Nxe5 11. dxe5 c6 12. Nc3 Nc7 13. Rd1 Qe7 14. cxd5 Nxd5 15.
Nxd5 cxd5 16. Qxd5 Be6 17. Qa5 b6 18. Qa4 Rfd8 19. Rxd8+ Rxd8 20. Bb5 Qc5 21.
O-O Rd5 22. Bc4 b5 0-1

[Event "AUTO-MASTER-2996"]
[Site "http://www.queenalice.com/game.php?id=1628649"]
[Date "2020.10.1"]
[Round "1"]
[White "Rutty"]
[Black "Papageno"]
[Result "0-1"]
[WhiteElo "2201"]
[BlackElo "2083"]

1. e4 c5 2. Nf3 Nc6 3. d4 cxd4 4. Nxd4 g6 5. Bc4 Bg7 6. c3 Qb6 7. Nxc6 bxc6 8.
O-O d6 9. Qb3 Qxb3 10. Bxb3 Nf6 11. Re1 Nd7 12. Be3 O-O 13. Nd2 a5 14. Ba4 Bb7
15. Nb3 Ne5 16. Rad1 c5 17. f3 Bc6 18. Bxc6 Nxc6 19. f4 Rab8 20. Re2 a4 21. Nc1
a3 22. bxa3 Bxc3 23. Nb3 Ra8 24. Rd3 Bg7 25. Nd2 Ra4 26. e5 Rfa8 27. exd6 exd6
28. Rxd6 Nd4 29. Bxd4 Rxd4 30. Rc6 Rxf4 31. g3 Rfa4 32. Kg2 Rxa3 33. Kh3 Rxa2
34. Rf2 Bd4 35. Rg2 R8a3 36. Nf3 Rxg2 37. Kxg2 h5 38. Rc7 Ra8 39. Nxd4 cxd4 40.
Rd7 Ra4 41. h4 Kg7 42. Kf3 Kf6 43. Ke4 Ke6 44. Rd8 Ra3 45. Kf4 d3 46. g4 hxg4
47. Kxg4 Ra4+ 48. Kg3 Ra3 49. Kf2 Kf5 50. Ke3 d2+ 51. Kxd2 Rh3 52. Rd4 Ke5 53.
Ra4 Kf6 54. Ke2 Kg7 55. Kf2 Kh6 56. Kg2 Re3 57. Rf4 f5 58. Kf2 Re4 59. Rxe4 fxe4
60. Ke3 Kh5 61. Kxe4 Kxh4 62. Kf3 Kh3 63. Kf4 Kh4 64. Kf3 g5 65. Kg2 Kg4 0-1

[Event "AUTO-MASTER-2996"]
[Site "http://www.queenalice.com/game.php?id=1628650"]
[Date "2020.10.1"]
[Round "1"]
[White "Papageno"]
[Black "CCapivara"]
[Result "1-0"]
[WhiteElo "2172"]
[BlackElo "2139"]

1. d4 d6 2. Bf4 Nf6 3. e3 c6 4. h3 Bf5 5. Nf3 e6 6. Nh4 Bg6 7. Nxg6 hxg6 8. Nc3
Be7 9. Bd3 Nbd7 10. O-O e5 11. dxe5 dxe5 12. Bg3 Qb6 13. Ne4 Nxe4 14. Bxe4 O-O-O
15. Bd3 f5 16. b3 Bf6 17. Qe2 e4 18. Bc4 Bxa1 19. Rxa1 g5 20. f4 gxf4 21. Bxf4
Qc5 22. Rd1 Rhe8 23. Bd6 Qa5 24. Bf7 Rh8 25. Be6 g6 26. Be7 Rhe8 27. Bxd8 Rxd8
28. Qd2 Qxd2 29. Rxd2 Kc7 30. Kf2 Ne5 31. Rxd8 Kxd8 32. Kg3 Ke7 33. Bg8 b5 34.
Kf4 Kf6 35. h4 b4 36. Bc4 Nxc4 37. bxc4 c5 38. g4 fxg4 39. Kxg4 Kg7 40. Kf4 Kh6
41. Kxe4 Kh5 42. Kd5 Kxh4 43. e4 g5 44. e5 g4 45. e6 g3 46. e7 g2 47. e8=Q g1=Q
48. Qh8+ Kg3 49. Qg8+ Kf2 50. Qxg1+ 1-0

[Event "AUTO-MASTER-2996"]
[Site "http://www.queenalice.com/game.php?id=1628651"]
[Date "2020.10.1"]
[Round "1"]
[White "CCapivara"]
[Black "Papageno"]
[Result "0-1"]
[WhiteElo "2137"]
[BlackElo "2184"]

1. e4 c5 2. Nf3 Nc6 3. d4 cxd4 4. Nxd4 g6 5. Nc3 Bg7 6. Be3 d6 7. Qd2 Nf6 8. Be2
O-O 9. O-O-O d5 10. exd5 Nb4 11. Nb3 Bf5 12. Nd4 Rc8 13. Nxf5 gxf5 14. Kb1 Qa5
15. a3 Ne4 16. axb4 Nxd2+ 17. Rxd2 Qxb4 18. Nb5 Qxb2# 0-1

[Event "AUTO-MASTER-2996"]
[Site "http://www.queenalice.com/game.php?id=1628652"]
[Date "2020.10.1"]
[Round "1"]
[White "Papageno"]
[Black "Pin"]
[Result "0-1"]
[WhiteElo "2104"]
[BlackElo "1938"]

1. d4 Nf6 2. Bf4 g6 3. e3 Bg7 4. h3 d5 5. c4 c5 6. Nc3 O-O 7. dxc5 Qa5 8. Qd2
Rd8 9. Nf3 dxc4 10. Nd4 Qxc5 11. Ne6 Rxd2 12. Nxc5 Rxb2 13. Rd1 Nc6 14. N5a4 Rb4
15. a3 Rb3 16. Nb1 Be6 17. Nc5 Rb6 18. Nxe6 fxe6 19. Bxc4 Kf7 20. O-O Na5 21.
Be2 Nd5 22. Bg3 Rc8 23. Rc1 Rxc1 24. Rxc1 Nb3 25. Rd1 Rc6 26. Nd2 Nc3 27. Nxb3
Nxd1 28. Bxd1 e5 29. Kf1 b6 30. e4 e6 31. Ke2 Kf6 32. f3 Bf8 33. a4 Bb4 34. Nd2
Bc5 35. Bf2 Bb4 36. Bb3 Rc3 37. Be1 Bc5 38. g4 h6 39. h4 Re3+ 40. Kd1 Bb4 0-1

[Event "AUTO-MASTER-2996"]
[Site "http://www.queenalice.com/game.php?id=1628653"]
[Date "2020.10.1"]
[Round "1"]
[White "Pin"]
[Black "Papageno"]
[Result "1-0"]
[WhiteElo "1965"]
[BlackElo "2169"]

1. e4 c5 2. Nf3 g6 3. d4 b6 4. Bc4 Nc6 5. Nc3 Bg7 6. d5 Ne5 7. Nxe5 Bxe5 8. Bd2
d6 9. Bb5+ Bd7 10. O-O Nf6 11. Bh6 Bxc3 12. Bxd7+ Qxd7 13. bxc3 Nxe4 14. c4 Qa4
15. Qd3 Nf6 16. Bg7 Rg8 17. Bxf6 exf6 18. Rfe1+ Kd7 19. Qh3+ f5 20. Qxh7 Raf8
21. Qh4 f6 22. Qh7+ Kc8 23. Re7 1-0

[Event "AUTO-MASTER-2998"]
[Site "http://www.queenalice.com/game.php?id=1629419"]
[Date "2020.10.10"]
[Round "1"]
[White "CCapivara"]
[Black "Papageno"]
[Result "1-0"]
[WhiteElo "2162"]
[BlackElo "2144"]

1. e4 c5 2. Nf3 Nc6 3. d4 cxd4 4. Nxd4 g6 5. Nc3 Bg7 6. Be3 d6 7. Qd2 Nf6 8. Be2
O-O 9. O-O-O Nxd4 10. Bxd4 Be6 11. Kb1 Qa5 12. f3 Rac8 13. Nd5 Qxd2 14. Nxe7+
Kh8 15. Rxd2 Rc7 16. Nd5 Nxd5 17. Bxg7+ Kxg7 18. exd5 Bd7 19. c4 b5 20. cxb5
Rfc8 21. a4 Bf5+ 22. Ka2 h5 23. Bd3 Bxd3 24. Rxd3 Rc2 25. g3 Re2 26. h3 Rcc2 27.
Rb3 Red2 28. a5 Rxd5 29. Ka3 a6 30. b6 Rxa5+ 31. Kb4 Rb5+ 32. Ka3 Ra5+ 33. Kb4
Rcc5 34. b7 Rab5+ 35. Ka3 Rxb3+ 36. Kxb3 Rb5+ 37. Kc3 Rxb7 38. Rd1 Rb6 39. b4
Kf6 40. Re1 Rb7 41. Kc4 d5+ 42. Kc5 d4 43. Rd1 Rd7 44. Rxd4 Rc7+ 45. Kb6 Rc3 46.
Rf4+ Kg7 47. Kxa6 g5 48. Rf5 Kg6 49. g4 hxg4 50. hxg4 1-0

[Event "AUTO-MASTER-2998"]
[Site "http://www.queenalice.com/game.php?id=1629420"]
[Date "2020.10.10"]
[Round "1"]
[White "Papageno"]
[Black "CCapivara"]
[Result "0-1"]
[WhiteElo "2173"]
[BlackElo "2145"]

1. d4 d6 2. Nf3 c6 3. c4 Nf6 4. Nc3 Bg4 5. Bf4 Nbd7 6. h3 Bxf3 7. exf3 e5 8.
dxe5 dxe5 9. Bg5 Bb4 10. Qb3 Qa5 11. Bd2 O-O-O 12. a3 Bxc3 13. Bxc3 Qc7 14.
O-O-O Nc5 15. Qc2 Rxd1+ 16. Kxd1 Rd8+ 17. Kc1 Kb8 18. b4 Ne6 19. Bd3 Nd4 20. Qb2
c5 21. bxc5 Qxc5 22. Bb4 Qc7 23. Kd2 Nc6 24. Ke2 Nxb4 25. axb4 Qe7 26. Ra1 e4
27. fxe4 Nxe4 28. Qxg7 Nc5+ 0-1

[Event "AUTO-MASTER-2998"]
[Site "http://www.queenalice.com/game.php?id=1629435"]
[Date "2020.10.10"]
[Round "1"]
[White "Faster"]
[Black "Papageno"]
[Result "1-0"]
[WhiteElo "2332"]
[BlackElo "2151"]

1. e4 c5 2. Nf3 Nc6 3. d4 cxd4 4. Nxd4 g6 5. c4 Bg7 6. Be3 Qb6 7. Nb3 Qc7 8. Qd2
Ne5 9. Nc3 Nxc4 10. Nd5 Nxd2 11. Nxc7+ Kd8 12. Nxa8 Bxb2 13. Kxd2 Bxa1 14. Nxa1
1-0

[Event "AUTO-MASTER-2998"]
[Site "http://www.queenalice.com/game.php?id=1629436"]
[Date "2020.10.10"]
[Round "1"]
[White "Papageno"]
[Black "Faster"]
[Result "0-1"]
[WhiteElo "2122"]
[BlackElo "2380"]

1. d4 Nf6 2. Bf4 e6 3. e3 c5 4. c3 d5 5. Nf3 Qb6 6. Qc2 Nh5 7. Be5 Nc6 8. dxc5
Bxc5 9. Be2 Nxe5 10. Nxe5 Nf6 11. O-O Bxe3 12. Nxf7 O-O 13. fxe3 Qxe3+ 14. Kh1
Rxf7 15. Qd2 Qb6 16. Qc2 Ne4 17. Rxf7 Kxf7 18. h3 Qe3 19. Na3 Ng3+ 20. Kh2 Nxe2
0-1

[Event "AUTO-MASTER-2998"]
[Site "http://www.queenalice.com/game.php?id=1629447"]
[Date "2020.10.10"]
[Round "1"]
[White "Papageno"]
[Black "rich"]
[Result "1-0"]
[WhiteElo "2088"]
[BlackElo "2067"]

1. d4 Nf6 2. c4 g6 3. Nc3 d5 4. Nf3 Bg7 5. h3 O-O 6. Bf4 c6 7. e3 Nbd7 8. c5 b6
9. b4 a5 10. a3 Ba6 11. Bxa6 Rxa6 12. O-O axb4 13. axb4 Rxa1 14. Qxa1 Qa8 15.
Ne5 Qb7 16. Qc1 bxc5 17. bxc5 Nxe5 18. Bxe5 Ra8 19. Qc2 Nd7 20. Rb1 Qa6 21. Bxg7
Kxg7 22. Rb2 Rb8 23. Ra2 Qb7 24. g4 e5 25. Kg2 exd4 26. exd4 Qb4 27. Ra4 Qb3 28.
Qxb3 Rxb3 29. Ne2 Rb7 30. Ra6 Nb8 31. Rb6 Rxb6 32. cxb6 Kf6 33. Kf3 h6 34. Nc1
Ke7 35. Kf4 f6 36. Nb3 Nd7 37. b7 Kd6 38. Nc5 Nb8 39. h4 Ke7 40. h5 Kf7 41.
hxg6+ Kxg6 42. f3 f5 43. gxf5+ Kf6 44. Nd3 h5 45. Ne5 h4 46. Ng4+ Kf7 47. Kg5 h3
48. Kh4 1-0

[Event "AUTO-MASTER-2998"]
[Site "http://www.queenalice.com/game.php?id=1629448"]
[Date "2020.10.10"]
[Round "1"]
[White "rich"]
[Black "Papageno"]
[Result "1-0"]
[WhiteElo "2154"]
[BlackElo "2133"]

1. c4 g6 2. Nc3 Bg7 3. d4 d6 4. e4 Nf6 5. Nf3 O-O 6. Be2 c5 7. O-O cxd4 8. Nxd4
Nc6 9. Be3 Ng4 10. Bxg4 Bxg4 11. Nxc6 Bxd1 12. Nxd8 Bg4 13. Nxb7 Rab8 14. Na5
Rxb2 15. Rfc1 1-0

[Event "Challenge"]
[Site "http://www.queenalice.com/game.php?id=1630660"]
[Date "2020.10.23"]
[Round "-"]
[White "Papageno"]
[Black "albertcesar"]
[Result "0-1"]
[WhiteElo "2104"]
[BlackElo "1937"]

1. d4 Nf6 2. Bf4 e6 3. e3 d5 4. c4 Bb4+ 5. Nd2 O-O 6. a3 Bd6 7. Bxd6 Qxd6 8. c5
Qe7 9. Bd3 e5 10. dxe5 Qxe5 11. Ngf3 Qe7 12. O-O Qxc5 13. Rc1 Qe7 14. Qb3 c6 15.
Nd4 c5 16. Nf5 Bxf5 17. Bxf5 Nc6 18. Qb5 c4 19. Rfd1 a6 20. Qb6 g6 21. Bh3 Rfd8
22. e4 Nxe4 0-1